• 首页
  • 本馆介绍
  • 公告通知
  • 最新文献
  • 馆藏检索
  • 电子资源
  • 读者导购
  • 参考咨询
  • 我的图书馆
  • 登录
  • 详细信息显示
  • 放入我的书架
  • 预约/预借图书
  • 作者相关作品
  • 分类相关作品
  • 丛书相关作品
  • 出版社相关作品

书目信息

  • 表格格式
  • 工作单格式
  • 卡片格式
题名:
英国通史
    
 
作者: 钱乘旦 , 许洁明 著
分册:  
出版信息: 上海   上海社会科学院出版社  2002
页数: 378页
开本: 24cm
丛书名: 全球通史系列
单 册:
中图分类: K561.0
科图分类:
主题词: 英国--通史
电子资源:
ISBN: 7-80681-086-2
000 00649nam2 2200229 45
001 0405021676
005 20040502162459.0
010    @a7-80681-086-2@dCNY38.00
100    @a20040502d2002 km y0chiy0120 ea
101 0  @achi
105    @aa z 000yy
200 1  @a英国通史@AYing Guo Tong Shi@f钱乘旦,许洁明著@FQian Cheng Dan,Xu Jie Ming Zhu
210    @a上海@c上海社会科学院出版社@d2002
215    @a378页@c插图@d24cm
225    @a全球通史系列
410    @12001 @a全球通史系列
606 0  @a英国@x通史
690    @aK561.0@v4
701  0 @a钱乘旦@4著
701  0 @a许洁明@4著
801    @aCN@bTSTCL@c20040502
905    @b334504-508@dK561.0@e19@f5
    
    英国通史/钱乘旦,许洁明著.-上海:上海社会科学院出版社,2002
    378页:插图;24cm.-(全球通史系列)
    
    
    ISBN 7-80681-086-2:CNY38.00
    
●
相关链接 在E读中查询图书 在五车中查询图书 在当当中查询图书 在豆瓣中查询图书


正题名:英国通史     索取号:K561.0/19         预约/预借

序号 登录号 条形码 馆藏地/架位号 状态 备注
1 0334504   203345040   第二借阅区/ [索取号:K561.0/19] 在馆    
2 0334505   203345059   第二借阅区/ [索取号:K561.0/19] 在馆    
3 0334506   203345068   第二借阅区/ [索取号:K561.0/19] 在馆    
4 0334507   203345077   第二借阅区/ [索取号:K561.0/19] 在馆    
5 0334508   203345086   第二样本阅览室/ [索取号:K561.0/19] 在馆    
唐山师范学院图书馆 欢迎您!
大连网信软件有限公司© 版权所有